[Event "Tjele WIM "]
[Site "Tjele"]
[Date "2000.02.17"]
[Round "6"]
[White "Milligan, Helen"]
[Black "Stewart, Tanya Jill Milk"]
[Result "1-0"]
[WhiteElo "2125"]
[BlackElo "2035"]
[PlyCount "99"]
[EventDate "2000.02.12"]
[EventType "tourn"]
[EventRounds "9"]
[EventCountry "DEN"]

1. e4 c5 2. Nf3 Nc6 3. d4 cxd4 4. Nxd4 Nf6 5. Nc3 e5 6. Ndb5 d6 7. Bg5 a6 8.
Na3 b5 9. Nd5 Be7 10. Bxf6 Bxf6 11. c3 Bg5 12. Nc2 Ne7 13. Ncb4 Bb7 14. a4 Nxd5
15. Nxd5 O-O 16. Be2 bxa4 17. Rxa4 a5 18. O-O Bc6 19. Ra2 a4 20. Bc4 Ra5 21.
Qe2 Bxd5 22. Bxd5 Qb6 23. Rfa1 h6 24. Rxa4 Rxa4 25. Rxa4 Kh7 26. g3 Qc5 27. Qc4
Rb8 28. Qxc5 dxc5 29. Ra2 Kg6 30. b3 f5 31. Ra6+ Bf6 32. Kf1 fxe4 33. Bxe4+ Kf7
34. Ke2 Ke7 35. Bd5 Kd7 36. Ke3 Kc7 37. Rc6+ Kd7 38. Rxc5 Kd6 39. b4 Be7 40.
Ke4 Bf6 41. Rc6+ Kd7 42. Ra6 Kc7 43. Ra3 Rb6 44. Rb3 Rb8 45. c4 Be7 46. c5 Bf6
47. b5 Be7 48. b6+ Kc8 49. c6 Bc5 50. Be6+ 1-0

[Event "Tjele WIM "]
[Site "Tjele"]
[Date "2000.02.17"]
[Round "6"]
[White "Steffensen, Elena"]
[Black "Vovk, Oksana"]
[Result "0-1"]
[WhiteElo "2075"]
[BlackElo "2081"]
[PlyCount "158"]
[EventDate "2000.02.12"]
[EventType "tourn"]
[EventRounds "9"]
[EventCountry "DEN"]

1. e4 e6 2. Nc3 d5 3. Nf3 Nf6 4. e5 Nfd7 5. d4 c5 6. dxc5 Nc6 7. Bf4 Bxc5 8.
Bd3 f6 9. exf6 Nxf6 10. O-O O-O 11. Bg3 a6 12. Re1 Bd7 13. a3 Rc8 14. Qe2 Nd4
15. Nxd4 Bxd4 16. Rad1 Qb6 17. Rd2 Qxb2 18. Nd1 Qb6 19. c3 Bxc3 20. Nxc3 Rxc3
21. Be5 Rxa3 22. Rb1 Rb3 23. Rxb3 Qxb3 24. Rb2 Qa3 25. h3 Bc6 26. Bd4 Qd6 27.
Qe3 Rf7 28. Be5 Qe7 29. Rb6 Nd7 30. Rb2 Nxe5 31. Qxe5 Qf6 32. Qe2 e5 33. f3 e4
34. fxe4 Qd4+ 35. Kh1 dxe4 36. Bc4 Bd5 37. Bxd5 Qxd5 38. Rd2 Qe6 39. Rd4 e3 40.
Rd3 Rf2 41. Rd8+ Rf8 42. Rxf8+ Kxf8 43. Qf3+ Qf7 44. Qxe3 Kg8 45. Qe5 h6 46.
Qd6 Kh7 47. h4 Qg6 48. Qd5 b5 49. h5 Qb1+ 50. Kh2 a5 51. g4 a4 52. g5 hxg5 53.
h6 Kxh6 54. Qc6+ Kh7 55. Qe8 Qb2+ 56. Kg3 Qf6 57. Qe4+ Kg8 58. Qe8+ Qf8 59.
Qxb5 Qf4+ 60. Kg2 Qe4+ 61. Kf2 g4 62. Qb8+ Kh7 63. Qh2+ Kg6 64. Qd6+ Kh5 65.
Qc5+ g5 66. Qc8 Qf4+ 67. Kg2 Qf3+ 68. Kg1 Qe3+ 69. Kg2 Qe2+ 70. Kg1 Qd1+ 71.
Kg2 Qd2+ 72. Kg3 Qe3+ 73. Kg2 g3 74. Qh8+ Kg4 75. Qc8+ Kf4 76. Qf8+ Ke4 77.
Qe8+ Kd3 78. Qb5+ Kc3 79. Qxa4 Qf2+ 0-1

[Event "Tjele WIM "]
[Site "Tjele"]
[Date "2000.02.18"]
[Round "7"]
[White "Lauterbach, Ingrid"]
[Black "Hitzgerova, Gabriela"]
[Result "0-1"]
[WhiteElo "2182"]
[BlackElo "2174"]
[PlyCount "118"]
[EventDate "2000.02.12"]
[EventType "tourn"]
[EventRounds "9"]
[EventCountry "DEN"]

1. e4 c5 2. Nf3 d6 3. d4 cxd4 4. Qxd4 Bd7 5. c4 Nc6 6. Qd3 Nf6 7. Nc3 a6 8. Be2
e6 9. O-O Be7 10. Re1 O-O 11. b3 Qa5 12. Bb2 Rad8 13. Rad1 Bc8 14. Bf1 Rfe8 15.
Ba1 Nd7 16. Qc2 Nde5 17. Nxe5 Nxe5 18. Qd2 Qc7 19. Qe3 Bd7 20. h3 Qa5 21. a4
Bc6 22. Ne2 Qc7 23. Nd4 Bf6 24. Qd2 Bd7 25. Bc3 Nc6 26. Re3 Bg5 27. Nxc6 Bxe3
28. Ne7+ Rxe7 29. Qxe3 Bc6 30. Bd4 Rdd7 31. Bb6 Qc8 32. f4 Re8 33. Bd3 Rde7 34.
Bc2 Rd7 35. b4 f5 36. exf5 exf5 37. Qd4 Be4 38. Bb3 Kh8 39. c5 d5 40. a5 Re6
41. Ba4 Rde7 42. Kh2 Rg6 43. Rd2 Qe6 44. Bd8 Rf7 45. Bh4 Qc8 46. Bd1 Re6 47.
Ba4 Kg8 48. Rb2 Qc7 49. Qd2 Rg6 50. Qc1 Rf8 51. Be1 d4 52. Qc4+ Kh8 53. g3 d3
54. Bc3 Rd8 55. Rd2 Qe7 56. Be5 Re6 57. Qc3 Rh6 58. Bd6 Qf7 59. Be5 Rxh3+ 0-1

[Event "Tjele WIM "]
[Site "Tjele"]
[Date "2000.02.18"]
[Round "7"]
[White "Sikorova, Olga"]
[Black "Milligan, Helen"]
[Result "1-0"]
[WhiteElo "2195"]
[BlackElo "2125"]
[PlyCount "67"]
[EventDate "2000.02.12"]
[EventType "tourn"]
[EventRounds "9"]
[EventCountry "DEN"]

1. e4 e6 2. d4 d5 3. e5 c5 4. c3 Nc6 5. Nf3 Bd7 6. a3 Nge7 7. b4 cxd4 8. cxd4
Nf5 9. Be3 a5 10. b5 Na7 11. a4 Nc8 12. Bd2 Nb6 13. Qb3 Be7 14. Bd3 O-O 15. O-O
Nh4 16. Nxh4 Bxh4 17. Qd1 Be7 18. Qh5 g6 19. Qh6 f5 20. g4 Rf7 21. gxf5 gxf5
22. Kh1 Rg7 23. Qh3 Nc4 24. Bh6 Rg6 25. Nc3 Be8 26. Ne2 Bg5 27. Rg1 Kh8 28.
Bxg5 Rxg5 29. Qh6 Rxg1+ 30. Rxg1 Qe7 31. Nf4 b6 32. Nxe6 Ra7 33. Bxf5 Nb2 34.
Bxh7 1-0

[Event "Tjele WIM "]
[Site "Tjele"]
[Date "2000.02.18"]
[Round "7"]
[White "Stewart, Tanya Jill Milk"]
[Black "Guindy, Esmat"]
[Result "1/2-1/2"]
[WhiteElo "2035"]
[BlackElo "2185"]
[PlyCount "74"]
[EventDate "2000.02.12"]
[EventType "tourn"]
[EventRounds "9"]
[EventCountry "DEN"]

1. e4 e6 2. d4 d5 3. Nc3 Nf6 4. e5 Nfd7 5. f4 c5 6. Nf3 Nc6 7. Be3 a6 8. Qd2 b5
9. dxc5 Bxc5 10. Nd4 Qb6 11. O-O-O Na5 12. Qf2 Rb8 13. Be2 Nc4 14. Bxc4 bxc4
15. Kd2 f6 16. Nf3 Bxe3+ 17. Qxe3 Qxe3+ 18. Kxe3 fxe5 19. fxe5 Rxb2 20. Rd2 Rf8
21. g4 Ke7 22. Rb1 Rxb1 23. Nxb1 Bb7 24. Nc3 h5 25. h3 hxg4 26. hxg4 Rh8 27.
Ne2 Rf8 28. Ned4 Nc5 29. Rd1 Kd7 30. Rb1 Kc7 31. Ng5 Bc8 32. a4 Bd7 33. a5 Rb8
34. Rf1 Rg8 35. Rb1 Rb8 36. Rf1 Rg8 37. Rb1 Rb8 1/2-1/2

[Event "Tjele WIM "]
[Site "Tjele"]
[Date "2000.02.18"]
[Round "7"]
[White "Vovk, Oksana"]
[Black "Grigoryan, Meri"]
[Result "1-0"]
[WhiteElo "2081"]
[BlackElo "2097"]
[PlyCount "37"]
[EventDate "2000.02.12"]
[EventType "tourn"]
[EventRounds "9"]
[EventCountry "DEN"]

1. c4 d5 2. cxd5 Nf6 3. Nc3 Nxd5 4. g3 c6 5. Bg2 g6 6. d4 Bg7 7. e4 Nxc3 8.
bxc3 O-O 9. Ne2 Na6 10. O-O Be6 11. d5 cxd5 12. exd5 Bf5 13. d6 exd6 14. Bxb7
Qb6 15. Bxa8 Rxa8 16. Be3 Qa5 17. Qxd6 Bxc3 18. Nxc3 Qxc3 19. Bd4 1-0

[Event "Tjele WIM "]
[Site "Tjele"]
[Date "2000.02.19"]
[Round "8"]
[White "Guindy, Esmat"]
[Black "Sikorova, Olga"]
[Result "0-1"]
[WhiteElo "2185"]
[BlackElo "2195"]
[PlyCount "80"]
[EventDate "2000.02.12"]
[EventType "tourn"]
[EventRounds "9"]
[EventCountry "DEN"]

1. c4 c5 2. g3 g6 3. Bg2 Bg7 4. Nf3 Nc6 5. Nc3 d6 6. O-O a6 7. e3 Bg4 8. h3 Be6
9. d3 Rb8 10. Ne2 Qc8 11. Nf4 Bd7 12. Kh2 b5 13. cxb5 Rxb5 14. d4 cxd4 15. exd4
h5 16. a4 Rb8 17. Ra3 Nh6 18. Re1 Nf5 19. Rc3 Qd8 20. Rd3 Nb4 21. Rd2 Bf6 22.
Nd3 g5 23. Nfe5 Nxd4 24. Nxb4 Rxb4 25. Rxd4 Rxd4 26. Qxd4 Bxe5 27. Qc4 h4 28.
Bxg5 hxg3+ 29. fxg3 Qa5 30. Re3 Qxa4 31. Qc7 Qg4 32. h4 f6 33. Rb3 Kf7 34. Bf4
Bxf4 35. Rd3 Rxh4+ 36. Kg1 Bxg3 37. Bd5+ Kg7 38. Qd8 Be5+ 39. Kf2 Rh2+ 40. Ke3
Qf4# 0-1

[Event "Tjele WIM "]
[Site "Tjele"]
[Date "2000.02.19"]
[Round "8"]
[White "Hitzgerova, Gabriela"]
[Black "Milligan, Helen"]
[Result "1/2-1/2"]
[WhiteElo "2174"]
[BlackElo "2125"]
[PlyCount "61"]
[EventDate "2000.02.12"]
[EventType "tourn"]
[EventRounds "9"]
[EventCountry "DEN"]

1. e4 e6 2. d4 d5 3. Nd2 Nf6 4. e5 Nfd7 5. Bd3 c5 6. c3 Nc6 7. Ne2 cxd4 8. cxd4
f6 9. exf6 Nxf6 10. Nf3 Bd6 11. O-O O-O 12. Bf4 Bxf4 13. Nxf4 Ne4 14. Nh5 g6
15. Ng3 Nxg3 16. hxg3 Qb6 17. Qd2 Bd7 18. Qh6 Rf7 19. g4 Raf8 20. Rae1 Nb4 21.
Bb1 Bb5 22. Ng5 Qxd4 23. Nxf7 Bxf1 24. Bxg6 hxg6 25. Rxe6 Bd3 26. Ne5 Qxf2+ 27.
Kh2 Qf4+ 28. Qxf4 Rxf4 29. a3 Nc6 30. Nxd3 Rxg4 31. Nc5 1/2-1/2

[Event "Tjele WIM "]
[Site "Tjele"]
[Date "2000.02.20"]
[Round "9"]
[White "Jackova, Jana"]
[Black "Lauterbach, Ingrid"]
[Result "0-1"]
[WhiteElo "2303"]
[BlackElo "2182"]
[PlyCount "108"]
[EventDate "2000.02.12"]
[EventType "tourn"]
[EventRounds "9"]
[EventCountry "DEN"]

1. e4 d6 2. d4 Nf6 3. Nc3 g6 4. Be3 c6 5. Qd2 b5 6. Bd3 Nbd7 7. Nf3 Bg7 8. h3
e5 9. dxe5 dxe5 10. a4 b4 11. Ne2 a5 12. O-O O-O 13. Rfd1 Qe7 14. c3 Nc5 15.
cxb4 Nxd3 16. Qxd3 axb4 17. Qc2 Re8 18. Bc5 Qb7 19. Nc1 Be6 20. Ng5 Nd7 21.
Nxe6 Rxe6 22. Nb3 Ree8 23. a5 Nxc5 24. Nxc5 Qb5 25. Rd7 Bf8 26. Rc1 Rxa5 27.
Nb7 Ra7 28. Qb3 Re7 29. Nd6 Qa4 30. Qxa4 Rxa4 31. Rd8 Ra6 32. Rc4 Re6 33. Ne8
Ra7 34. Rc8 c5 35. Rd8 Rc6 36. Rc1 f6 37. Rcd1 Kf7 38. Nd6+ Bxd6 39. R8xd6 Rxd6
40. Rxd6 Ra1+ 41. Kh2 Ra2 42. Rc6 Rxb2 43. Rxc5 Rxf2 44. Rb5 Rb2 45. Rb7+ Ke6
46. Rb6+ Ke7 47. Rb7+ Kd6 48. Rb6+ Kc5 49. Rxf6 b3 50. Rf7 h5 51. Kg3 Rc2 52.
Rb7 b2 53. Kf3 Kc4 54. Rc7+ Kd3 0-1

[Event "Tjele WIM "]
[Site "Tjele"]
[Date "2000.02.20"]
[Round "9"]
[White "Milligan, Helen"]
[Black "Guindy, Esmat"]
[Result "1-0"]
[WhiteElo "2125"]
[BlackElo "2185"]
[PlyCount "103"]
[EventDate "2000.02.12"]
[EventType "tourn"]
[EventRounds "9"]
[EventCountry "DEN"]

1. e4 e6 2. d4 d5 3. Nc3 Nf6 4. Bg5 dxe4 5. Nxe4 Be7 6. Bxf6 gxf6 7. Nf3 b6 8.
Bc4 Bb7 9. Qe2 c6 10. O-O-O Qc7 11. Rhe1 Nd7 12. Kb1 O-O-O 13. Ba6 Bxa6 14.
Qxa6+ Kb8 15. Qe2 Rhg8 16. g3 f5 17. Ned2 h5 18. Nc4 h4 19. Nce5 Nxe5 20. Nxe5
Bf6 21. Rd3 hxg3 22. hxg3 Rd6 23. Red1 Rgd8 24. a3 Bxe5 25. Qxe5 R6d7 26. Qe3
f4 27. Qxf4 Qxf4 28. gxf4 Rd5 29. Kc1 Rf5 30. Rf3 Kc7 31. c3 Rg8 32. Kd2 c5 33.
Ke3 Rd8 34. Rg3 Kc6 35. Rg7 Rh8 36. dxc5 bxc5 37. Rg5 Rf6 38. b4 Rh3+ 39. f3
cxb4 40. axb4 Rf5 41. Ra1 Rxg5 42. fxg5 Kb6 43. Ra5 Rh1 44. Rc5 Rc1 45. Rc8 Kb7
46. Rc4 Rg1 47. Kf4 Kb6 48. Rd4 Kc6 49. Rd8 Rc1 50. Rf8 a6 51. Rxf7 Rxc3 52. g6
1-0

[Event "Tjele WIM "]
[Site "Tjele"]
[Date "2000.02.20"]
[Round "9"]
[White "Vovk, Oksana"]
[Black "Hitzgerova, Gabriela"]
[Result "1/2-1/2"]
[WhiteElo "2081"]
[BlackElo "2174"]
[PlyCount "20"]
[EventDate "2000.02.12"]
[EventType "tourn"]
[EventRounds "9"]
[EventCountry "DEN"]

1. e4 e5 2. Nf3 Nc6 3. Bb5 a6 4. Ba4 Nf6 5. O-O Be7 6. Re1 b5 7. Bb3 d6 8. h3
O-O 9. c3 Na5 10. d4 Nxb3 1/2-1/2